Najdroższe transfery 2024/25 - Statystyki

Ogólne statystyki
  • Ten quiz został rozwiązany 90 razy
  • Średni wynik to 14 z 25
Statystyki odpowiedzi
Kwota(mln €) Z Do Zawodnik % Poprawnych
75 Man City Atletico Julian Alvarez
94%
75 Eintracht Man City Omar Marmoush
84%
62 Lille Man Utd Leny Yoro
79%
55 RB Lipsk Barcelona Dani Olmo
76%
64,3 Bournemouth Tottenham Dominic Solanke
76%
47,5 Palmeiras Real Madryt Endrick
76%
77 Aston Villa Al-Nassr Jhon Duran
74%
53 Crystal Palace Bayern Michael Olise
73%
60 Wolves Chelsea Pedro Neto
64%
70 Napoli PSG Khvicha Kvaratskhelia
61%
60 Porto Man City Nico Gonzalez
59%
59,92 Benfica PSG Joao Neves
57%
45 Bayern Man Utd Matthijs de Ligt
57%
51,5 Aston Villa Juventus Douglas Luiz
56%
60 Aston VIlla Al-Ittihad Moussa Diaby
54%
51 Fulham Bayern Joao Palhinha
53%
50 PSG RB Lipsk Xavi Simons
53%
50 PSG Man Utd Manuel Ugarte
49%
50 Rennes PSG Desire Doue
47%
52 Atletico Chelsea Joao Felix
46%
59,35 Everton Aston Villa Amadou Onana
44%
54,7 Atalanta Juventus Teun Koopmeiners
41%
47,5 Wolves West Ham Maximilian Kilman
20%
50 Porto Al-Ahli Galeno
19%
46,7 Leeds Brighton Georginio Rutter
19%
Nie znaleziono quizów pasujących do podanych kryteriów
Rozkład punktacji
Procent ludzi z każdym wynikiem
Percentyl według liczby udzielonych odpowiedzi
Twoja historia wyników
Nie rozwiązałeś tego quizu